=LDR 00000nam 2200000 4500 =001 INLIS000000000006125 =005 20200414112640 =035 ##$$a 0010-061300000006125 =008 200414################g##########0#ind## =041 ##$$a Ind =082 ##$$a 2x2.1 =090 ##$$a 2x2.1, Shi p =100 ##$$a Ash-Shiddieqy, T.M. Hasbi =245 1#$$a Pokok-pokok ilmu dirayah hadits 2 /$c Prof. Dr. T.M. Hasbi Ash-Shiddieqy =260 ##$$a Jakarta :$b Bulan Bintang,$c 1994 =300 ##$$a 216 ; $c 20 x 14 cm. =650 #4$$a Dirayah Hadits, Ilmu =850 ##$$a NBPNMAT =020 ##$$a 979-418-023-8 =084 ##$$a 2x2.1 ASH p =990 ##$$a DW00025663 =990 ##$$a 00055776